Garth (Registo nº 1778)

Detalhes MARC
000 -Etiqueta do registo
Cabeçalho 00692nam a22002651 4500
005 - Identificador da versão
Campo de controlo 20240813121916.0
095 ## -
-- PTBN00019046
021 ## - Número do Depósito Legal
Código do país PT
100 ## - Dados gerais de processamento
Dados gerais de processamento 20070508d1982 am y0pory5003 ba
102 ## - Pais de publicação ou produção
País de publicação Portugal
101 0# - Língua de publicação
Língua do texto, banda sonora, etc. Português
105 ## - Campo de dados codificados: livros
Dados codificados dos livros a t 000ay
215 ## - Descrição física 
Indicação específica da natureza do documento e extensão da espécie 63 p.
Outras indicações físicas todo il.
Dimensões 29 cm
200 1# - Titulo e menção de responsabilidade
Título próprio Garth
Primeira menção de responsabilidade Steve Dowling
225 2# - Colecção 
Título próprio da colecção Antologia da BD Clássica
Indicação de volume 2
210 ## - Publicação, Distribuição, etc. 
Lugar da edição, distribuição, etc. Lisboa
Nome do editor, distribuidor, etc. Futura
Data da publicação, distribuição, etc. cop. 1982
606 ## - Nome comum usado como assunto
Número de registo de entrada de autoridade 0000255
Palavra de ordem Literatura estrangeira juvenil
Subdivisão de assunto Banda desenhada
675 ## - Classificação Decimal Universal (CDU)
Notação 82-9
Edição
Língua da edição por
700 #1 - Nome de autor-pessoa física (responsabilidade principal)
Número de registo de entrada de autoridade 0000290
Palavra de ordem Dowling
Outra parte do nome não tomada para palavra de ordem Steve
942 ## - Elementos de entrada adicionados (Koha)
Tipo de item no Koha Livro
Exemplares
Situação do levantamento Origin of item (home branch) (coded) Biblioteca de empréstimo Código de barras Cota Circulation type (not for loan) Tipo de documento Nota do exemplar Damaged status
  Biblioteca Escolar da Coca Maravilhas Biblioteca Escolar da Coca Maravilhas BECM88/90 8BD GAR   Livro Sem mensagem